000 00743nam a2200229Ia 4500
003 OSt
005 20250826120930.0
008 210423s2005 xx 000 0 und d
020 _a9788171419771
040 _cAL
041 _aEnglish
082 _a323
_b NARW
100 _aLakshmi M Narasaiah
_9122871
245 _aWomen and human rights
260 _aNew Delhi
_bDiscovery Publishing House
_c2005
300 _av,132P.
_bHB
_c22x14.8cm.
365 _b350
_cINR
520 _aPromotion of women; Women and poverty; Equal opportunities women in the community; Women in authority; Lightening the load for women
650 _aCivil & Political Rights
_9122872
_2Political Science
906 _ahuman ; rights ; Women
942 _2ddc
_cBK
999 _c174091
_d174091